000 00578nam a2200229Ia 4500
001 18565
003 GE_BSU
008 181216s||||||||xx |||||||||||||| ||und||
020 _a9783407254672
040 _cGE_BSU
080 _a811.112(072)
100 _aFrey, Karl
245 _aDie Projektmethode:»Der Weg zum bildenden Tun«
260 _aBerlin, Germany
260 _bBeltz Verlag
260 _c2007
300 _a237p;24cm.
653 _aDie Projektmethode
653 _aგერმანული ენა
653 _aმეთოდიკა
942 _cBK
999 _c51574
_d51574